Las 100 mejores peliculas mexicanas - Estadísticas

Estadísticas generales
  • Esta prueba ha sido intentada 98 veces
  • La puntuación promedio es 21 de 100
Estadísticas de respuestas
Hint Respuesta % Correcto
1 Amores Perros
73%
30 Nosotros los nobles
52%
29 Roma
50%
5 Macario
48%
13 Y tu mama tambien
43%
49 El Infierno
41%
23 Los olvidados
41%
16 Nosotros los pobres
41%
39 El crimen del Padre Amaro
39%
94 Acapulco, la vida va
36%
32 La Ley de Herodes
36%
54 Los tres Garcia
36%
48 No manches Frida
36%
36 No se aceptan devoluciones
36%
50 Como agua para chocolate
34%
25 La dictadura perfecta
34%
18 Rojo Amanecer
34%
11 Ahi esta el detalle
32%
60 Los tres huastecos
32%
76 Santa
32%
69 Viridiana
32%
66 El angel exterminador
30%
65 El lugar sin limites
30%
27 Gueros
30%
56 Hasta el viento tiene miedo
30%
46 Salon Mexico
30%
3 Cronos
27%
20 El callejon de los milagros
27%
71 El castillo de la pureza
27%
4 El laberinto del Fauno
27%
22 Los caifanes
27%
59 Mas negro que la noche
27%
58 Escuela de vagabundos
25%
2 Solo con tu pareja
25%
17 Canoa
23%
19 Danzon
23%
14 El libro de piedra
23%
21 Los motivos de Luz
23%
41 Sexo, pudor y lagrimas
23%
12 Veneno para las hadas
23%
97 Cantinflas
20%
100 De la calle
20%
8 El apando
20%
72 El rey del barrio
20%
40 | 68 Enamorada
20%
62 Los renglones torcidos de Dios
20%
9 No se si cortarme las venas o dejarmelas largas
20%
88 Perfume de Violetas
20%
37 Tizoc
20%
51 Tlayucan
20%
95 Biutiful
18%
84 El Ceniciento
18%
15 El esqueleto de la Señora Morales
18%
73 El señor doctor
18%
52 Frida, naturaleza viva
18%
7 La tarea
18%
28 Los insolitos peces gato
18%
80 Principio y Fin
18%
85 Abel
16%
6 Actas de Marusia
16%
78 Animas Trujano
16%
89 Aventurera
16%
24 Cinco de chocolate y una de fresa
16%
82 Club Sandwich
16%
10 Cuando los hijos se van
16%
45 Doña Barbara
16%
53 Doña Herlinda y su hijo
16%
38 La cucaracha
16%
43 Nazarin
16%
44 Simon del Desierto
16%
93 Arrancame la vida
14%
26 La jaula de oro
14%
63 Lola la trailera
14%
96 Los albañiles
14%
64 Los hijos de Sanchez
14%
75 Dos Monjes
11%
83 Mecanica Nacional
11%
81 Cascabel
9%
91 Chin Chin el teporocho
9%
86 El estudiante
9%
33 El tigre de Santa Julia
9%
98 La camarista
9%
90 La mujer del Puerto
9%
87 Mariana, Mariana
9%
34 Me estas matando Susana
9%
31 Tiempo Compartido
9%
99 Huapango
7%
55 Janitzio
7%
57 La malquerida
7%
61 La pasion segun Berenice
7%
79 Una familia de tantas
7%
35 A la mala
5%
74 Ensayo de un crimen
5%
42 La Perla
5%
77 Victimas del pecado
5%
92 ¿Conoces a Tomas?
0%
70 Dias de otoño
0%
67 La formula secreta
0%
47 Voces Inocentes
0%
No se encontraron pruebas coincidentes
Distribución de puntuación
Porcentaje de gente con cada puntuación
Porcentaje por número respondido
Historial de tus puntuaciones
No has intentado esta prueba.